| 000 | 00359nam a22001451a 4500 | ||
|---|---|---|---|
| 999 |
_c144960 _d144960 |
||
| 082 |
_aM301 _bSRE/K |
||
| 100 | _aSreedevi K B | ||
| 245 |
_aShri Krishna Katha/ _cby Sreedevi K B |
||
| 260 |
_aAluva: _bBalasahithi Prakasan, _c1999. |
||
| 300 | _a112p. | ||
| 650 | _aStories Malayalam | ||
| 650 | _aLiterature Malayalam | ||
| 650 | _aLiterature | ||
| 942 | _cBK | ||